Planeación estratégica aplicada / Leonard D. Goodstein (Registro nro. 637)

Detalles MARC
000 -LEADER
fixed length control field 00583nam a22002171a 4500
001 - CONTROL NUMBER
control field 637
003 - CONTROL NUMBER IDENTIFIER
control field OSt
005 - DATE AND TIME OF LATEST TRANSACTION
control field 20260204211702.0
008 - FIXED-LENGTH DATA ELEMENTS--GENERAL INFORMATION
fixed length control field 040113s1999||||ck ||||||b||||||||||spa||
020 ## - NUMERO DE LIBRO INTERNACIONAL NORMALIZADO
International Standard Book Number 9586007065
050 ## - LIBRARY OF CONGRESS CALL NUMBER
Classification number 658.8 G591p
082 ## - DEWEY DECIMAL CLASSIFICATION NUMBER
Classification number 658.8 G591p
100 ## - ASIENTO PRINCIPAL -- NOMBRE PERSONAL
Personal name Goodstein, Leonard D.
245 ## - TÍTULO PROPIAMENTE DICHO: SUBTÍTULO
Title Planeación estratégica aplicada / Leonard D. Goodstein
264 ## - PRODUCTION, PUBLICATION, DISTRIBUTION, MANUFACTURE, AND COPYRIGHT NOTICE
Place of production, publication, distribution, manufacture Colombia : McGraw-Hill
300 ## - PHYSICAL DESCRIPTION
Extensión 442 p.
500 ## - GENERAL NOTE
General note Incluye indice
650 ## - ASIENTO SECUNDARIO DE MATERIA -- TERMINO TEMÁTICO
Termino Temático Como Elemento de Entrada 1.Administración de Mercadeo
700 ## - ASIENTO SECUNDARIO -- NOMBRE PERSONAL
Personal name Nolan, Timothy M. II.Pfleiffer, J. WilianÌ
942 ## - ADDED ENTRY ELEMENTS (KOHA)
Source of classification or shelving scheme Dewey Decimal Classification
Koha item type Libros
Existencias
Withdrawn status Lost status Source of classification or shelving scheme Damaged status Not for loan Current library Date acquired Total Checkouts Full call number Barcode Date last seen Price effective from Koha item type
    Dewey Decimal Classification     Biblioteca UTECO 09/09/2019   658.8 G591P 002006 09/09/2019 09/09/2019 Libros
    Dewey Decimal Classification     Biblioteca UTECO 09/09/2019   658.8 G591P 002007 09/09/2019 09/09/2019 Libros
    Dewey Decimal Classification     Biblioteca UTECO 09/09/2019   658.8 G591P 002008 09/09/2019 09/09/2019 Libros
© 2021 Derechos Reservados UTECO - Teléfono: +1 809-585-2291 - Correo electrónico: biblioteca@uteco.edu.do​  
Código postal 43000 ​​
Dirección: Avenida Universitaria No. 100, 
Cotuí, Provincia Sánchez Ramírez, República Dominicana - RNC: 404-00059-6